| 000 | 00808nam a2200253 a 4500 | ||
|---|---|---|---|
| 005 | 20240924065816.0 | ||
| 008 | 170208s2014 mx r 000 0 spa d | ||
| 020 | _a9789876120821 | ||
| 035 | _aUPN01000215839 | ||
| 049 | _aCG | ||
| 050 | 4 |
_aHM1261 _bM3.2 |
|
| 100 | 1 |
_aMaxwell, John C., _d1947- _930190 |
|
| 245 | 1 | 3 |
_aEl abc de la capacitación : _bformar equipos para el éxito / _cJohn C. Maxwell ; tr. Rolando Cartaya. |
| 260 |
_aMéxico : _bV & R, _c2014. |
||
| 300 | _a117 p. | ||
| 534 |
_pTítulo original: _tEquipping 101 |
||
| 590 | _aBibliografía Básica (BGTQ) | ||
| 590 | _a(También localizas un ejemplar en el "Area de Reserva") | ||
| 650 | 4 |
_aLiderazgo _95345 |
|
| 650 | 2 |
_aTrabajo en equipo _95093 |
|
| 650 | 4 |
_aEmpleados _xCapacitación _9979 |
|
| 905 | _aLibro | ||
| 999 |
_c187939 _d187939 |
||